000 00687nam a2200265Ia 4500
003 OSt
005 20221007103439.0
006 a|||||r|||| 00| 0
007 ta
008 221006b |||||||| |||| 00| 0 eng d
020 _a023396603x
024 _a13,194
037 _cTextual
040 _aLCO
_cLCO
_beng
041 _2eng
_aeng
082 _a2:51, L5
100 _aMaltby A
_9705097
245 0 _aManual of Classification for Librarians
250 _a5th
260 _aLondon
_bAndre Deutsch Limited U.K.
_c1975
300 _a336
650 _aCLASSIFICATION FOR LIBRARIANS
_9705098
942 _h2:51, L5
_cTEXL
999 _c1182757
_d1182757